| 000 | 00423nam a2200181Ia 4500 | ||
|---|---|---|---|
| 008 | 170705s9999 xx 000 0 und d | ||
| 020 | _a9780007420100 | ||
| 245 | _aArabian nights / | ||
| 245 | _cRichard Burton. | ||
| 260 | _aNew York : | ||
| 260 | _bScholastic, | ||
| 260 | _c2011 | ||
| 300 | _a415 pages : | ||
| 300 | _bcolor illustration ; | ||
| 300 | _c18cm. | ||
| 440 | _aCollins classics. | ||
| 500 | _a850 | ||
| 999 |
_c336450 _d336450 |
||